| 000 | 01194nam a2200289Ia 4500 | ||
|---|---|---|---|
| 999 |
_c5002 _d5002 |
||
| 003 | OSt | ||
| 005 | 20200508114414.0 | ||
| 008 | 191128s2000 eu gr 000 0 spa d | ||
| 040 |
_aCO-JMCR _cCO-JMCR |
||
| 041 | 0 | _aeng | |
| 082 | 0 | 4 |
_a327.7308 / _bG738t _223 |
| 100 | 1 |
_aGraham, Bob, _eautor _94111 |
|
| 245 | 1 | 0 |
_aToward greater peace and Security in Colombia : _bforging a constructive U.S. policy / _cBob Graham, Brent Scowcroft, Michael Shifter |
| 260 |
_aWashington : _bCouncil on foreign relations, _c2000 |
||
| 300 |
_a42 páginas ; _c22 cm. |
||
| 490 | 0 | _aTask force report | |
| 505 | 0 | _aAcknowledgments -- Task force report -- Additional views -- Dissenting view -- Task force members and observers -- Colombian Advisers | |
| 650 | 1 | 4 |
_aAsistencia económica _zColombia _94112 |
| 650 | 1 | 4 |
_aAsistencia militar _zColombia _94113 |
| 650 | 1 | 4 |
_aControl de drogas y narcóticos _zColombia _94114 |
| 650 | 1 | 4 |
_aConflicto armado _zColombia _94115 |
| 650 | 1 | 4 |
_aRedes de computadores _zColombia _94116 |
| 650 | 1 | 4 |
_aEstados Unidos _xrelaciones exteriores _94117 |
| 700 | 1 |
_aScowcroft, Brent, _eautor _94118 |
|
| 700 | 1 |
_aShifter, Michael, _eautor _94119 |
|
| 942 |
_2ddc _cBK |
||